Visualizzazione normale
Vista MARC
- Teatro catalán
di Topical Term
Records bibliografici associati: 1
001 - CONTROL NUMBER
- control field: 43347
003 - CONTROL NUMBER IDENTIFIER
- control field: IT-RoINE
005 - DATE AND TIME OF LATEST TRANSACTION
- control field: 20180115061815.0
008 - FIXED-LENGTH DATA ELEMENTS
- fixed length control field: 180115|| aca||aabn | a|a d
040 ## - CATALOGING SOURCE
- Original cataloging agency: IT-RoINE
- Transcribing agency: IT-RoINE
150 ## - HEADING--TOPICAL TERM
- Topical term or geographic name as entry element: Teatro catalán
- General subdivision: Historia
670 ## - SOURCE DATA FOUND
- Source citation: Work cat.: (IT-RoINE): Sirera, Josep Lluís, 1954-2015 43346, Passat, present i futur del teatre valencià /, 1981.